000 00498nmm a2200157Ia 4500
008 251105s9999||||xx |||||||||||||||||und||
041 _aspa
100 _aFuentes Ferrera, Demetrio
245 0 _aCurso Microsoft PowerPoint 2013
264 _a[Madrid, España] :
_bMinisterio de Educación, Cultura y Deporte de España,
_c2014
300 _a195 páginas
490 _aAula Mentor
650 _aTechnology and computing
856 _uhttps://public.digitaliapublishing.com/a/39822
942 _cCF
999 _c98432
_d98432